Statistics for Jewish Cities Quiz

Click here to take the quiz!

General Stats

  • This quiz has been taken 55,314 times
    (31,586 since last reset)
  • The average score is 12 of 20

Answer Stats

# JewsCity% Correct
687,000Jerusalem
96%
2,028,200New York City
93%
3,214,800Tel Aviv
90%
662,450Los Angeles
84%
172,000London
82%
283,000Paris
79%
291,800Chicago
75%
261,100Boston
68%
535,000Miami
66%
228,000San Francisco
66%
100,000Moscow
61%
276,445Washington D.C.
59%
285,950Philadelphia
57%
200,000Toronto
49%
708,000Haifa
46%
199,000Atlanta
39%
89,000San Diego
38%
88,765Montreal
36%
244,000Buenos Aires
26%
381,900Beersheba
13%

Score Distribution

Percentile by Number Answered

Percent of People with Each Score

Your Score History

You have not taken this quiz since the last reset